000 00878nam a22002417a 4500
008 081217t xxu||||| |||| 00| 0 eng d
010 _aENG-92223
020 _c600.00
_a9788179102022
035 _aEN-75756
037 _bDBAD / PUB
040 _adpl
_bEnglish
082 _a646.726
100 _aNigam, Neerja
245 _aSkin care and beauty /
_cby Neerja Nigam
260 _aJaipur
_bAavishkar Publishers, Distributors
_c2007
270 _a807, Vyas Building, Chaura Rasta,
_bJaipur
_e302003
300 _avi, 191p.
_c23cm (Hb)
650 _aSkin
_xCare and hygiene
650 _aBeauty, Personal
650 _aHerbal cosmetics.
942 _2ddc
_cEN
_mNIG
_h646.726
999 _c19999
_d19999